000 00604cam a22002291 4500
001 med48000055
003 DLC
005 20260227111609.0
008 750815s1948 xx 000 0 eng
010 _amed48000055
035 _a(OCoLC)1550493
040 _aDLC
_cFMU
_dDLC
042 _apremarc
050 0 0 _aQP44
_b.Z55 1948
082 _a612.072
100 1 _aZoethout, William Douwes,
_d1871-
245 0 0 _aLaboratory experiments in physiology.
250 _a4th ed.
260 _aSt. Louis,
_bMosby,
_c1948.
300 _a263 p.
_billus.
_c23 cm.
650 0 _aPhysiology
_xLaboratory manuals.
999 _c38839
_d38839